| 000 | 00442cam a2200181ua 4500 | ||
|---|---|---|---|
| 001 | 5076 | ||
| 008 | 120229n ii |||gr||||Z||||||eng | ||
| 040 | _cMAIN | ||
| 082 | _a823 | ||
| 100 |
_aWoolf, Virginia, _eAuthor, |
||
| 245 | 1 | 1 |
_aMrs. Dalloway _cby Virginia Woolf |
| 250 | _a4th. | ||
| 260 |
_aNew Delhi: _bUnique publishers, _c2004. |
||
| 300 |
_a198p: _c23cm. |
||
| 653 | _aEnglish fiction | ||
| 700 |
_aSen, S., _eEditor, |
||
| 942 | _cBK | ||
| 999 |
_c4260 _d4260 |
||